[Event "ENG-ch U10"]
[Site "Milton Keynes"]
[Date "2021.10.03"]
[Round "5"]
[White "Marsden, Rupert"]
[Black "Das, Rishabh"]
[Result "1/2-1/2"]
[WhiteElo "1352"]
[BlackElo "1370"]
[PlyCount "47"]
[EventDate "2021.10.02"]
[EventType "swiss"]
[EventRounds "7"]
[EventCountry "ENG"]
[SourceTitle "EXT 2023"]
[Source "ChessBase"]
[SourceDate "2022.10.05"]
[SourceVersion "1"]
[SourceVersionDate "2022.10.05"]
[SourceQuality "1"]

1. d4 d5 2. Bf4 Bf5 3. e3 e6 4. Nf3 Nf6 5. Nbd2 Bd6 6. Bg3 0-0 7. c3 a6 8. Ne5 Nbd7 9. Ndf3 c5 10. Nxd7 Qxd7 11. dxc5 Bxc5 12. Bd3 Bxd3 13. Qxd3 Bd6 14. Bxd6 Qxd6 15. 0-0 Rad8 16. Rad1 Rfe8 17. c4 Qb6 18. b3 Qa5 19. cxd5 exd5 20. Qd2 Qb6 21. Qd4 Qe6 22. Rfe1 Qf5 23. h3 Re6 24. Nh4 1/2-1/2